000 00854nam a22003137a 4500
001 BR2010005885
003 BR-BrBNA
005 20230928103558.0
007 ta
008 230509b bl.||||| |||| 00| 0 por d
040 _aBR-BrBNA
_bpor
_cBiblioteca Nacional de Agricultura
041 _a(Por)
072 _aP32
090 _ P32 BR2010005885
100 1 _aCarvalho, L.H. de
110 1 _aDepartamento Nacional de Obras Contra as Secas, Fortaleza, CE (Brasil)
245 1 _aPatologia dos solos nas barragens de terra
260 3 _aFortaleza, CE (Brasil):
_c2006.
300 _a162 p.
500 _a60 illus.; 11 tables.; 67 ref.
650 _aSOLO
650 _aDOENÇA
650 _aROCHA
650 _aANÁLISE DO SOLO
650 _aPERFIL DO SOLO
650 _aBARRAGEM
909 _a202309
_bLucia
_c55
_dLucia Elande
942 _cBK
999 _c75681
_d75681